| 000 | 00704cam a2200265 4500 | ||
|---|---|---|---|
| 001 | J973 | ||
| 008 | 090401t1992 xxu||||| |||| 00| 0 eng d | ||
| 035 | _a(Sirsi) u52405 | ||
| 041 | _aeng | ||
| 050 | _a711.52 | ||
| 110 |
_aUnited Kingdom _bDepartment of the Environment _9982 |
||
| 245 | 4 | _aThe Urban Regeneration Agency: a consultation paper. | |
| 260 | _c1992 | ||
| 300 | _a11p. ; 30cm. | ||
| 350 | _a0 | ||
| 520 | _aResponse date 21 September 1992. | ||
| 650 | _aCONSULTATION PAPERS | ||
| 650 | _aDERELICT LAND | ||
| 650 | _aINNER CITY REDEVELOPMENT | ||
| 650 | _aURBAN REGENERATION AGENCY | ||
| 650 | _aVACANT LAND | ||
| 690 | _aURBAN RENEWAL | ||
| 942 | _n0 | ||
| 948 | _c04/03/1997 | ||
| 999 |
_c93058 _d93058 |
||